ဓမ္မဂုဏ်ရည်အမွေခံ အရှင်သုခမိန္ဒ(စဝ်ဆုခမ်း) သို့မဟုတ် အထနှေးပေမယ့် အပြေးသန်သူ / (Record no. 16682)

000 -LEADER
fixed length control field 01076nam a2200205Ia 4500
003 - CONTROL NUMBER IDENTIFIER
control field OSt
005 - DATE AND TIME OF LATEST TRANSACTION
control field 20241030082039.0
007 - PHYSICAL DESCRIPTION FIXED FIELD--GENERAL INFORMATION
fixed length control field ca aa aaaaa
008 - FIXED-LENGTH DATA ELEMENTS--GENERAL INFORMATION
fixed length control field 201103s9999 xx 000 0 und d
040 ## - CATALOGING SOURCE
Transcribing agency SSBUL
041 ## - LANGUAGE CODE
Language code of text/sound track or separate title bur
082 ## - DEWEY DECIMAL CLASSIFICATION NUMBER
Edition number 23
Classification number ၂၉၄.၃၀၉၂ လှ
Item number ၉၁၅၉ S-SAT
100 0# - MAIN ENTRY--PERSONAL NAME
Personal name လှမောင်လတ်(သီပေါ ကိုလတ်)
9 (RLIN) 54880
245 10 - TITLE STATEMENT
Title ဓမ္မဂုဏ်ရည်အမွေခံ အရှင်သုခမိန္ဒ(စဝ်ဆုခမ်း) သို့မဟုတ် အထနှေးပေမယ့် အပြေးသန်သူ /
Statement of responsibility, etc. လှမောင်လတ်(သီပေါကိုလတ်)။
260 ## - PUBLICATION, DISTRIBUTION, ETC.
Place of publication, distribution, etc. ရန်ကုန် ၊
Name of publisher, distributor, etc. ဇွန်ပွင့်စာပေ၊
Date of publication, distribution, etc. ၂၀၀၆။
300 ## - PHYSICAL DESCRIPTION
Extent ၉၃ စာမျက်နှာ ၊
Other physical details ဓါတ်ပုံများ၊
Dimensions ၁၆ စင်တီ။
500 ## - GENERAL NOTE
General note S-SAT: Prof. Dr. Sai Aung Tun
650 ## - SUBJECT ADDED ENTRY--TOPICAL TERM
Topical term or geographic name entry element အရှင်သုခမိန္ဒ
General subdivision ထေရုပ္ပတ္တိ
9 (RLIN) 54881
942 ## - ADDED ENTRY ELEMENTS (KOHA)
Source of classification or shelving scheme
Koha item type Book (Short term)
Holdings
Withdrawn status Lost status Source of classification or shelving scheme Damaged status Not for loan Collection code Permanent Location Current Location Shelving location Date acquired Total Checkouts Full call number Barcode Date last seen Price effective from Koha item type Accession
          Special Collections Shan State Buddhist University Library Shan State Buddhist University Library Special Collection Shelves 15/02/2023   ၂၉၄.၃၀၉၂ လှ ၉၁၅၉ S-SAT MB00009159 15/02/2023 15/02/2023 Book (Short term) ၉၁၅၉ S-SAT

Library - 09407999929
Admin Office - 09407999979
Dean Office - 09250910768
Registrar Office - 09892297154
Email - [email protected]
Shan State Buddhist University, Phaya Phyu Taunggyi, Shan State, Myanmar.